000 01627cam a2200241 i 4500
999 _c7723
_d7723
003 OSt
005 20200513134308.0
008 150109t20152015ne ae bc 000 0 eng d
020 _a9789462082038
_q(hardback)
082 0 4 _a720.92
_223
084 _a21.62
_2bcl
100 1 _aHerzberger, Herman,
_earchitect.
245 1 0 _aHerman Hertzberger /
_cRobert McCarter.
300 _a524 pages :
_billustrations (chiefly color), plans ;
_c31 cm
504 _aIncludes bibliographical references.
505 0 _aBeginnings: towards an architecture shaped by the life that takes place within it -- Housing -- Schools -- Workplaces -- Cultural buildings -- Urban designs -- Space and the life-world: lessons from the experience of architecture.
520 _aHerman Hertzberger is one of the most important and critically influential figures in international architecture of the last 50 years. He has consistently championed a fundamentally humanist modern architecture, rooted in its place and history, while simultaneously opening up new possibilities for dwelling. In this monograph, Robert McCarter examines Hertzberger's most important architectural works through analysis of the design process and guiding ideas, particularly as these reflect Hertzberger's engagement with the Modernist tradition, architectural history, urban space and the way we experience it -- page 4 of cover.
600 1 0 _aHertzberger, Herman
_vCatalogs.
650 0 _aArchitecture, Dutch
_xHistory
_y20th century
_vCatalogs.
650 0 _aArchitecture, Dutch
_xHistory
_y21st century
_vCatalogs.
700 1 _aMcCarter, Robert,
_d1955-
_eauthor.
942 _2ddc